[Event "26th Schwarzacher Open"]
[Site "Schwarzach AUT"]
[Date "2011.08.22"]
[Round "3"]
[White "Fuchs,G"]
[Black "Bukal,V jr"]
[Result "0-1"]
[WhiteElo "2274"]
[BlackElo "2415"]

1.e4 e6 2.d4 d5 3.Nd2 a6 4.e5 c5 5.c3 Nc6 6.Ndf3 cxd4 7.cxd4 f6 8.exf6 Qxf6
9.a3 h6 10.Bd3 Bd6 11.Ne2 Nge7 12.h4 Bd7 13.Qb3 b5 14.Bc2 Rc8 15.Bd2 e5 16.dxe5 Nxe5
17.Nxe5 Bxe5 18.Rb1 O-O 19.f4 Bb8 20.g3 Be6 21.Rc1 Ba7 22.Bd3 Kh8 23.Rxc8 Rxc8
24.Bb4 Bg4 25.Kd2 Qe6 26.Nc3 Qe3+ 27.Kc2 Nf5 28.Bxf5 Bxf5+ 29.Kd1 Qf3+  0-1

[Event "1st Isthmia Open"]
[Site "Vrachati GRE"]
[Date "2011.08.23"]
[Round "7.3"]
[White "Shanava,K"]
[Black "Baklan,V"]
[Result "1/2-1/2"]
[WhiteElo "2535"]
[BlackElo "2620"]

1.e4 e6 2.d4 d5 3.Nd2 Be7 4.Ngf3 Nf6 5.Bd3 c5 6.c3 cxd4 7.cxd4 dxe4 8.Nxe4 O-O
9.O-O Bd7 10.Qc2 h6 11.Qe2 Bc6 12.Nc3 Bxf3 13.Qxf3 Nc6 14.Rd1 Qa5 15.Qg3 Nh5  1/2-1/2

[Event "86th ch-FRA"]
[Site "Caen FRA"]
[Date "2011.08.24"]
[Round "10"]
[White "Hamdouchi,H"]
[Black "Edouard,R"]
[Result "0-1"]
[WhiteElo "2628"]
[BlackElo "2587"]

1.e4 e6 2.d4 d5 3.Nd2 Be7 4.a3 dxe4 5.Nxe4 Nf6 6.Nxf6+ Bxf6 7.Nf3 b6 8.Bd3 Bb7
9.O-O Nd7 10.Qe2 O-O 11.Rd1 Qe7 12.Bf4 Rfc8 13.c4 c5 14.d5 exd5 15.Qxe7 Bxe7
16.cxd5 Bxd5 17.Bf5 Nf6 18.Bxc8 Rxc8 19.Rd2 h6 20.Re1 Kf8 21.Ne5 c4 22.Nd7+ Nxd7
23.Rxd5 Nf6 24.Rd2 Rc6 25.Red1 Ne4 26.Rd7 Bf6 27.Re1 Nc5 28.Rd6 Rc8 29.Rxf6 gxf6
30.Bxh6+ Kg8 31.Bd2 Na4 32.Bc1 b5 33.Kf1 a5 34.Re4 Nc5 35.Rg4+ Kh7 36.Bd2 Nd3
37.Bc3 b4 38.axb4 axb4 39.Bxf6 c3 40.bxc3 Re8 41.g3 b3 42.c4 Re1+ 43.Kg2 Re2
44.Bd4 Rxf2+ 45.Kh3 b2 46.Bxb2 Rxb2 47.Rd4 Ne5 48.Re4 f6 49.Rf4 Kg6 50.g4 Nd3
51.Rd4 Rb3 52.Kg3 Ne5+ 53.Kf4 Nf3 54.Rd6 Ng5  0-1

[Event "Brasschaat Open"]
[Site "Brasschaat BEL"]
[Date "2011.08.25"]
[Round "6.1"]
[White "Sadkowsky,D"]
[Black "Dgebuadze,A"]
[Result "0-1"]
[WhiteElo "2258"]
[BlackElo "2522"]

1.e4 e6 2.d4 d5 3.Nd2 Nc6 4.Ngf3 Nf6 5.e5 Nd7 6.Bb5 a5 7.O-O Ndb8 8.c3 b6
9.Re1 Ba6 10.Ba4 Bd3 11.Nf1 Bg6 12.Bg5 Be7 13.Bxe7 Qxe7 14.g3 O-O 15.Nh4 Na7
16.Nxg6 fxg6 17.Ne3 b5 18.Bc2 c5 19.Qd2 Nbc6 20.a3 Nc8 21.Bd1 Nb6 22.dxc5 Qxc5
23.b4 Qe7 24.f4 axb4 25.cxb4 Nc4 26.Nxc4 dxc4 27.Bf3 Rad8 28.Qf2 Nd4 29.Be4 Qa7
30.Kg2 Rd7 31.Ra2 Rfd8 32.Rd1 c3 33.Rd3 Qc7 34.Qe3 Qc4 35.Rf2 Nc2 36.Rxc2 Rxd3
37.Bxd3 Rxd3 38.Qf2 Qd5+  0-1

[Event "23rd Schlosspark-Open"]
[Site "Wiesbaden GER"]
[Date "2011.08.25"]
[Round "1.8"]
[White "Makilla,T"]
[Black "Malek,Da"]
[Result "0-1"]
[WhiteElo "1937"]
[BlackElo "2341"]

1.e4 e6 2.d4 d5 3.Nd2 a6 4.c3 c5 5.Ngf3 Nf6 6.e5 Nfd7 7.Bd3 Nc6 8.O-O g5
9.h3 h5 10.Nb1 Rg8 11.Be3 g4 12.hxg4 hxg4 13.Nh2 Qh4 14.Be2 f5 15.exf6 Nxf6
16.Bf4 Bd7 17.Bc7 cxd4 18.cxd4 g3 19.Nf3 gxf2+ 20.Rxf2 Qh6 21.Ne5 Be7 22.Rxf6 Bxf6
23.Bh5+ Ke7 24.Qf3 Qc1+ 25.Kh2 Qxb2 26.Nf7 Be8 27.Bd6+ Kd7 28.Ba3 Qxg2+ 29.Qxg2 Rxg2+
30.Kxg2  0-1

[Event "13th Sants Open"]
[Site "Barcelona ESP"]
[Date "2011.08.26"]
[Round "8"]
[White "Gopal,G"]
[Black "Chueca Forcen,A"]
[Result "1-0"]
[WhiteElo "2576"]
[BlackElo "2323"]

1.e4 e6 2.d4 d5 3.Nd2 Be7 4.Ngf3 Nf6 5.e5 Nfd7 6.Bd3 c5 7.c3 Nc6 8.O-O g5
9.dxc5 Ndxe5 10.Nxe5 Nxe5 11.Nb3 Nxd3 12.Qxd3 e5 13.Qe2 f6 14.Qh5+ Kd7 15.Rd1 Kc7
16.Be3 Be6 17.c4 d4 18.Bxd4 exd4 19.Nxd4 Bd7 20.Ne6+ Bxe6 21.Rxd8 Raxd8 22.Qe2 Bxc5
23.Qxe6 Bd4 24.g3 h5 25.Kg2 h4 26.Rd1 hxg3 27.hxg3 Bxb2 28.Rb1 Be5 29.Qe7+ Rd7
30.Rxb7+ Kxb7 31.Qxd7+ Kb6 32.Qe6+ Kb7 33.c5 Rc8 34.Qd7+ Rc7 35.Qb5+ Kc8
36.c6 Kd8 37.Kf3 Ke7 38.Ke4 Kf7 39.f4  1-0

[Event "ch-FRA Accession"]
[Site "Caen FRA"]
[Date "2011.08.26"]
[Round "10.11"]
[White "Fantinel,T"]
[Black "Velten,P"]
[Result "1/2-1/2"]
[WhiteElo "2266"]
[BlackElo "2309"]

1.e4 e6 2.d4 d5 3.Nd2 Nc6 4.c3 e5 5.dxe5 Nxe5 6.Ngf3 Nxf3+ 7.Nxf3 Nf6 8.exd5 Qxd5
9.Qxd5 Nxd5 10.Bc4 Nb6 11.Bb3 Bd6 12.O-O O-O 13.Re1 h6 14.Be3 Bd7 15.Rad1 Rfe8
16.Nd4 Re7 17.f3 Rae8 18.Bf2 Rxe1+ 19.Rxe1 Kf8 20.Rxe8+ Kxe8 21.Bg3  1/2-1/2

[Event "Circuito CBX IM"]
[Site "Natal BRA"]
[Date "2011.08.26"]
[Round "1"]
[White "Rodi,L"]
[Black "Macedo,MIa"]
[Result "1-0"]
[WhiteElo "2416"]
[BlackElo "2309"]

1.e4 e6 2.d4 d5 3.Nd2 Nc6 4.Ngf3 Nf6 5.e5 Nd7 6.Bb5 Be7 7.c3 O-O 8.Qe2 Qe8
9.O-O a6 10.Ba4 f6 11.exf6 Bxf6 12.Re1 Nb6 13.Bc2 Bd7 14.Nf1 Be7 15.Qd3 g6
16.Bh6 Rf7 17.Ng5 Rf6 18.Ng3 Bf8 19.Nh5 Rf5 20.Qxf5  1-0

[Event "XVI Seahorse Open A"]
[Site "Rewal POL"]
[Date "2011.08.26"]
[Round "7"]
[White "Sowul,B"]
[Black "Bebel,A"]
[Result "1/2-1/2"]
[WhiteElo "2208"]
[BlackElo "2309"]

1.e4 e6 2.d4 d5 3.Nd2 Be7 4.Ngf3 Nf6 5.e5 Nfd7 6.Bd3 c5 7.c3 Nc6 8.O-O a5
9.Re1 cxd4 10.cxd4 Qb6 11.Nb1 Nxd4 12.Nxd4 Qxd4 13.Nc3 Qb6 14.Nb5 Nc5 15.Be3 Bd7
16.a4 Qd8 17.Rc1 b6 18.Qg4 g6 19.Nd6+ Bxd6 20.exd6 e5 21.Qg3 O-O 22.Bh6 Re8
23.Rxe5 Qf6 24.Rxd5 Qxb2 25.Rdxc5 bxc5 26.h4 Rac8 27.h5 Qe5 28.hxg6 hxg6
29.Bf4 Qh5 30.Bb5 Qf5 31.Bxd7 Qxd7 32.Be5 Rc6 33.Qh2 Rxe5 34.Qxe5 Rxd6 35.Rxc5 Rd1+
36.Kh2 Rd4 37.g3 Rd2 38.Qf4 Rd5 39.Rxd5 Qxd5  1/2-1/2

[Event "23rd Schlosspark-Open"]
[Site "Wiesbaden GER"]
[Date "2011.08.26"]
[Round "2.60"]
[White "Urban,T"]
[Black "Beck,Michael1"]
[Result "0-1"]
[WhiteElo "1442"]
[BlackElo "1885"]

1.e4 e6 2.d4 d5 3.Nd2 Nc6 4.Bb5 dxe4 5.Bxc6+ bxc6 6.Nxe4 Nf6 7.Bg5 Be7 8.Nc5 O-O
9.Nf3 Qd5 10.b4 Bxc5 11.bxc5 Ba6 12.Bxf6 gxf6 13.Qd2 Qe4+ 14.Kd1 Rfd8 15.Re1 Qg6
16.g3 e5 17.c3 Rab8 18.Kc1 Qg4 19.Nh4 exd4 20.cxd4 Rxd4 21.f3 Qd7 22.Rd1 Rxd2
23.Rxd2 Qe7 24.Kc2 Qxc5+ 25.Kd1 Qg1+  0-1

[Event "XVI Seahorse Open A"]
[Site "Rewal POL"]
[Date "2011.08.27"]
[Round "8"]
[White "Bebel,A"]
[Black "Wiewiora,E"]
[Result "1-0"]
[WhiteElo "2309"]
[BlackElo "2083"]

1.e4 e6 2.d4 d5 3.Nd2 Be7 4.Ngf3 Nf6 5.e5 Nfd7 6.Bd3 c5 7.c3 Nc6 8.O-O g5
9.dxc5 Nxc5 10.Bb5 Qb6 11.a4 a6 12.Bxc6+ bxc6 13.b4 Nd7 14.Re1 a5 15.bxa5 Qxa5
16.Nb3 Qd8 17.Nfd4 Ra6 18.Qh5 Nf8 19.Ba3 Bxa3 20.Rxa3 Qe7 21.Raa1 h6 22.c4 dxc4
23.Nd2 Ng6 24.Nxc4 Nf4 25.Qf3 O-O 26.Nd6 Bd7 27.g3 Ng6 28.Qe3 Rfa8 29.Nb3 f6
30.Qd3 Nxe5 31.Rxe5 fxe5 32.Nc5 R6a7 33.Qg6+ Qg7 34.Qe4 Be8 35.Qc4 Bf7 36.Ra3 g4
37.Nce4 Bg6 38.Qxe6+ Bf7 39.Nxf7 Rxf7 40.Qxc6 Rfa7 41.Qd5+ Kh8 42.a5 Qc7
43.Rc3 Qf7 44.Qxe5+ Qg7 45.Qf4 Rf8 46.Qd6 Rxa5 47.Rc7 Rf7 48.Rxf7 Ra1+ 49.Kg2 Qxf7
50.Qxh6+ Qh7 51.Qxh7+ Kxh7 52.Nf6+ Kg6 53.Nxg4 Kg5 54.Ne3 Rb1 55.f4+ Kg6
56.g4 Rb2+ 57.Kg3 Re2 58.Nf5 Re1 59.Nh4+ Kh6 60.Nf3 Ra1 61.h4 Ra3 62.f5 Ra4
63.Ng5 Ra1 64.Kf4 Rb1 65.Ne4 Rb5 66.Nf6 Ra5 67.g5+ Kg7 68.h5 Kf7 69.h6 Ra1
70.Ne4 Kg8 71.g6 Ra6 72.Kg5 Kf8 73.Nf6  1-0

[Event "10th Sunny Beach Open"]
[Site "Sunny Beach BUL"]
[Date "2011.08.27"]
[Round "1.54"]
[White "Nancheva,Doroteya"]
[Black "Michna,C"]
[Result "1/2-1/2"]
[WhiteElo "1788"]
[BlackElo "2222"]

1.e4 e6 2.d4 d5 3.Nd2 Be7 4.Ngf3 Nf6 5.e5 Nfd7 6.Bd3 c5 7.c3 Nc6 8.O-O a5
9.Qe2 c4 10.Bc2 b5 11.b3 Nb6 12.bxc4 bxc4 13.a4 Bd7 14.Ba3 Bxa3 15.Rxa3 Qe7
16.Raa1 Kd8 17.Ne1 Kc7 18.f4 f5 19.Nef3 Rab8 20.Rfb1 Na7 21.Qd1 h6 22.h4 Na8
23.Qc1 Rxb1 24.Rxb1 Nb6 25.Ra1 Rb8 26.Nf1 Be8 27.Qa3 Qxa3 28.Rxa3 Nbc8 29.Ra2 Bh5
30.Kf2 Nb6 31.Ng3 Be8 32.Bd1 Nc6 33.Ke3 Bd7 34.Bc2 Rg8 35.Bd1 Nd8 36.Nf1 Be8
37.g3 Bh5 38.Be2 Be8 39.Bd1 Nf7 40.h5 Nh8 41.Nh4 Bf7 42.Be2 Rb8 43.Bd1 Nc8
44.Nd2 Ne7 45.Kf2 Kd8 46.g4 fxg4 47.Bxg4 Rb6 48.Kg3 Bg8 49.Kf2 Bh7 50.Ke1 Kd7
51.Kd1 Nf7 52.Kc1 Nd8 53.Rb2 Ra6 54.Nb1 Nc8 55.Na3 Rb6 56.Rxb6 Nxb6 57.Bd1 Bg8
58.Nb5 Nb7 59.Kd2 Bf7 60.Ke3 Nc8 61.Kf2 Ne7 62.Kg3 Bg8 63.Bc2 Bf7 64.Bd1 Nc6
65.Ng6 Ke8 66.Bc2 Ne7 67.Kg4 Kd7 68.Nxe7 Kxe7 69.Kh4 Be8 70.Kg4 Nd8 71.Nd6  1/2-1/2

[Event "XXVIII Collado Villalba Open"]
[Site "Collado Villalba ESP"]
[Date "2011.08.28"]
[Round "6"]
[White "Montanes Arribas,A"]
[Black "Moreno Ruiz,J"]
[Result "1/2-1/2"]
[WhiteElo "2177"]
[BlackElo "2545"]

1.e4 e6 2.d4 d5 3.Nd2 Be7 4.Ngf3 Nf6 5.Bd3 c5 6.dxc5 dxe4 7.Nxe4 Nxe4 8.Bxe4 Qxd1+
9.Kxd1 Bxc5 10.Ke2 Nd7 11.Be3 Bxe3 12.Kxe3 Nc5 13.Nd2 Nxe4 14.Nxe4 Ke7 15.c4 Bd7
16.Rhd1 Bc6 17.f3 Rhd8 18.b3 g5 19.c5 a5 20.a3 f5 21.Nd6 f4+ 22.Kf2 b6 23.b4 axb4
24.axb4 bxc5 25.bxc5 Rdb8 26.Nc4 Rb5 27.Ne5 Bd5 28.Rxa8 Rb2+ 29.Kg1 Bxa8
30.Rd7+ Kf6 31.Ng4+ Kg6 32.c6 Rc2 33.c7 Bb7 34.h3 h5 35.Nf2 Kf5 36.Rf7+ Kg6
37.Re7 Kf6 38.Rh7 e5 39.Rxh5 Kg6 40.Rh8 Rxc7 41.Re8 Rc1+ 42.Kh2 Rc2 43.Ng4 e4
44.fxe4 Kf7 45.Re5 Re2 46.Kg1 Rxe4 47.Rxg5 Re2 48.Rf5+ Kg6 49.Rxf4 Rxg2+
50.Kf1 Rb2 51.Nf2 Kg5 52.Rd4 Kf5 53.Kg1 Bc6 54.Rd1 Bf3 55.Rd8 Bc6 56.Rd1 Rc2
57.Rd4 Bf3 58.Rd8 Bc6 59.Rd4 Ke5 60.Rb4 Bd5  1/2-1/2

[Event "FIDE World Cup 2011"]
[Site "Khanty-Mansiysk RUS"]
[Date "2011.08.28"]
[Round "1.1"]
[White "Bezgodov,A"]
[Black "Vitiugov,N"]
[Result "1/2-1/2"]
[WhiteElo "2503"]
[BlackElo "2733"]

1.e4 e6 2.d4 d5 3.Nd2 Be7 4.e5 c5 5.Qg4 Kf8 6.dxc5 Nc6 7.Qe2 Bxc5 8.Nb3 Bb6
9.Be3 Nge7 10.f4 Nf5 11.Bf2 h5 12.Nf3 Bd7 13.Qd2 Bxf2+ 14.Qxf2 Qb6 15.Bd3 Ne3
16.c3 Ng4 17.Qe2 Qe3 18.h3 Qxe2+ 19.Kxe2 Nh6 20.g4 Ng8 21.Nc5 Bc8 22.b4 Nge7
23.a3 g6 24.Nb3 b6 25.a4 a5 26.bxa5 Nxa5 27.Nxa5 Rxa5 28.Rhb1 Bd7 29.Rxb6 hxg4
30.hxg4 Rxa4 31.Rxa4 Bxa4 32.Rb8+  1/2-1/2

[Event "XVI Seahorse Open A"]
[Site "Rewal POL"]
[Date "2011.08.28"]
[Round "9.7"]
[White "Sowul,B"]
[Black "Jaroch,P"]
[Result "1-0"]
[WhiteElo "2208"]
[BlackElo "2250"]

1.e4 e6 2.d4 d5 3.Nd2 Nc6 4.Ngf3 Nf6 5.e5 Nd7 6.c3 f6 7.Bb5 a6 8.Bxc6 bxc6
9.O-O Be7 10.exf6 Nxf6 11.Ne5 Bd7 12.Re1 O-O 13.Qe2 Bd6 14.Nxd7 Qxd7 15.Qxe6+ Qxe6
16.Rxe6 Rae8 17.Rxe8 Rxe8 18.Nf3 a5 19.b3 a4 20.Be3 Rb8 21.b4 Re8 22.h3 Ne4
23.Rc1 Ng3 24.fxg3 Rxe3 25.Kf2 Re6 26.g4 Kf8 27.Re1 Rf6 28.Re2 h6 29.Ke1 Bf4
30.Kd1 Rd6 31.Kc2 g5 32.Ne1 Bg3 33.Nd3 Rf6 34.Re3  1-0

[Event "18th Graz Open"]
[Site "Graz AUT"]
[Date "2011.08.29"]
[Round "3"]
[White "Wieser,A1"]
[Black "Spelec,D"]
[Result "1-0"]
[WhiteElo "2086"]
[BlackElo "2024"]

1.e4 e6 2.d4 d5 3.Nd2 Nc6 4.Ngf3 Nf6 5.e5 Nd7 6.Be2 f6 7.exf6 Qxf6 8.Nf1 Bd6
9.Bg5 Qf7 10.Ne3 O-O 11.Bh4 h6 12.Qd2 Bf4 13.O-O Nf6 14.Bxf6 Qxf6 15.g3 Bd6
16.Rad1 Kh8 17.Ng4 Qf7 18.Nh4 Bd7 19.f4 Be8 20.c3 Ne7 21.Nf3 Nf5 22.Nge5 Qf6
23.Rde1 a5 24.Bd3 b6 25.b3 c5 26.Rc1 a4 27.Bb1 Ra7 28.Kh1 a3 29.Qd3 g6 30.g4 Nh4
31.Nxh4 Qxh4 32.Qg3 Qf6 33.Qh3 Rh7 34.Rce1 cxd4 35.cxd4 Bb4 36.Rc1 Bd2 37.Rc2 Bxf4
38.Rcf2 Qg5 39.Qc3 h5 40.Qc8 hxg4 41.Nxg6+ Kg8 42.Nxf8 Rxh2+ 43.Rxh2 g3 44.Nxe6 g2+  1-0

[Event "US Chess League 2011"]
[Site "ICC INT"]
[Date "2011.08.29"]
[Round "1"]
[White "Amanov,Z"]
[Black "Sadorra,J"]
[Result "1-0"]
[WhiteElo "2391"]
[BlackElo "2490"]

1.e4 e6 2.d4 d5 3.Nd2 Nc6 4.Ngf3 Nf6 5.e5 Nd7 6.Be2 f6 7.exf6 Qxf6 8.Nf1 e5
9.Ne3 exd4 10.Nxd5 Qd6 11.c4 dxc3 12.Bf4 Nde5 13.Nxe5 cxb2 14.Bh5+ g6 15.Nxg6 Bg4
16.Nxh8+ Bxh5 17.Qxh5+ Qg6 18.Qxg6+ hxg6 19.Rb1 O-O-O 20.Rxb2 Rxd5 21.Nxg6 Bg7
22.Rc2  1-0

[Event "FIDE World Cup 2011"]
[Site "Khanty-Mansiysk RUS"]
[Date "2011.08.29"]
[Round "1.2"]
[White "Azarov,S"]
[Black "Timofeev,Arty"]
[Result "1-0"]
[WhiteElo "2648"]
[BlackElo "2665"]

1.e4 e6 2.d4 d5 3.Nd2 Nc6 4.Ngf3 Nf6 5.e5 Nd7 6.Be2 Be7 7.O-O O-O 8.c4 f6
9.exf6 Bxf6 10.Nb3 Nb6 11.c5 Nc4 12.Bf4 a5 13.a4 Bd7 14.Qc1 e5 15.Bxc4 exf4
16.Bxd5+ Kh8 17.Qxf4 Bxd4 18.Qg3 Bf6 19.Rad1 Qc8 20.Rfe1 Ne7 21.Bc4 Bg4 22.Nbd4 Rd8
23.h3 Rxd4 24.Rxd4 Bxf3 25.Rf4 Bc6 26.Rxf6 Nf5 27.Qe5 gxf6 28.Qxf6+ Ng7 29.Re7 Qf8
30.Rf7 Qg8 31.Rxc7 Qf8 32.Rf7 Qg8 33.Rc7 Qf8 34.Rf7 Qg8 35.Rxb7 Bxb7 36.Bxg8 Kxg8
37.c6 Bc8 38.Qd8+ Kf7 39.Qc7+ Kg6 40.Qg3+ Kf7 41.c7 Ra6 42.Qb3+ Re6 43.Qd5 Ne8
44.Qxa5 Re7 45.Qh5+ Kf8 46.Qh6+ Kg8 47.Qg5+ Kf8 48.Qf4+ Kg7 49.Qd4+ Kf7 50.b4 Nxc7
51.b5 Ke6 52.Qg4+ Kd5  1-0

[Event "FIDE World Cup 2011"]
[Site "Khanty-Mansiysk RUS"]
[Date "2011.08.29"]
[Round "1.2"]
[White "Vallejo Pons,F"]
[Black "Cori,J"]
[Result "0-1"]
[WhiteElo "2724"]
[BlackElo "2514"]

1.e4 e6 2.d4 d5 3.Nd2 Nc6 4.c3 e5 5.exd5 Qxd5 6.Ngf3 exd4 7.Bc4 Qh5 8.cxd4 Be6
9.Bxe6 fxe6 10.Qb3 O-O-O 11.O-O Nf6 12.Qxe6+ Kb8 13.Ne4 Bd6 14.Nxd6 Rxd6
15.Qe2 Re8 16.Qd3 Re4 17.Be3 Rg4 18.g3 Nd5 19.Rae1 b6 20.a3 Kb7 21.b4 a6
22.Bc1 Rf6 23.Kg2 Rd6 24.h3 Rgg6 25.Kh2 Rgf6 26.Ne5 Nde7 27.Nxc6 Nxc6 28.Qe4 Rxd4
29.Qg2 Rc4 30.Bb2 Rf7 31.Rc1 Rxc1 32.Rxc1 Qf3 33.Kg1 g6 34.h4 b5 35.Rc3 Qxg2+
36.Kxg2 Ne5 37.Bc1 Rd7 38.Be3 Nc4 39.Bc5 Kc6 40.Rf3 a5 41.Rf6+ Kd5 42.h5 gxh5
43.Rf5+ Ke6 44.Rxh5 a4 45.g4 Nxa3 46.f4 Nc4 47.f5+ Ke5 48.Rh1 Kf4 49.Kh3 Kg5
50.Bf2 Rd3+ 51.Kg2 a3 52.Rxh7 a2 53.Rh1 Kxg4 54.f6 Ne5 55.Ra1 Rd2 56.Kf1 Kf3
57.Be1 Rb2 58.Rc1 Rb1  0-1

[Event "Lyudmila Rudenko Mem"]
[Site "St Petersburg RUS"]
[Date "2011.08.29"]
[Round "7"]
[White "Kostitsina,L"]
[Black "Butuc,M"]
[Result "0-1"]
[WhiteElo "2017"]
[BlackElo "2172"]

1.e4 e6 2.d4 d5 3.Nd2 Be7 4.Bd3 c5 5.dxc5 Nf6 6.Qe2 O-O 7.Ngf3 a5 8.c3 Na6
9.e5 Nd7 10.h4 h6 11.Nf1 Naxc5 12.g4 Nxd3+ 13.Qxd3 Qc7 14.Bf4 b6 15.Qe3 Ba6
16.Ng3 Nc5 17.Rd1 Ne4 18.Nh5 Qc4 19.Nd4 Bxh4 20.Rxh4 Qf1+  0-1

[Event "10th Sunny Beach Open"]
[Site "Sunny Beach BUL"]
[Date "2011.08.29"]
[Round "3.13"]
[White "Krivokapic,M"]
[Black "Yakimenko,Alex"]
[Result "1-0"]
[WhiteElo "2418"]
[BlackElo "2178"]

1.e4 e6 2.d4 d5 3.Nd2 Nc6 4.Ngf3 Nf6 5.e5 Nd7 6.Be2 Be7 7.Nf1 f6 8.exf6 Bxf6
9.Ne3 O-O 10.O-O Nb6 11.a4 a5 12.Ng4 Kh8 13.Bb5 Ne7 14.Nge5 Nf5 15.c3 Bd7
16.Bd3 Nc8 17.Re1 Ncd6 18.Qe2 Be8 19.Bd2 c6 20.g3 b6 21.Kg2 Ra7 22.Rh1 Rc7
23.h4 Ne4 24.Bf4 Nfd6 25.Ng5 Qe7 26.f3 Bxg5 27.hxg5 Nxg5 28.Bxg5 Qxg5 29.Rxh7+ Kg8
30.Rah1 Nf7 31.Rh8+  1-0

[Event "10th Sunny Beach Open"]
[Site "Sunny Beach BUL"]
[Date "2011.08.29"]
[Round "3.53"]
[White "Novak,Mic"]
[Black "Pencheva,Iva"]
[Result "1/2-1/2"]
[WhiteElo "2125"]
[BlackElo "1710"]

1.e4 e6 2.d4 d5 3.Nd2 Nc6 4.Ngf3 Nf6 5.e5 Nd7 6.c3 f6 7.exf6 Qxf6 8.Be2 Bd6
9.Nf1 O-O 10.Be3 Nb6 11.Ng3 Ne7 12.Qd2 Ng6 13.O-O Nf4 14.Bxf4 Bxf4 15.Qc2 Qh6
16.Bd3 Nd7 17.Rfe1 Re8 18.Re2 e5 19.dxe5 Nxe5 20.Nxe5 Rxe5 21.Rxe5 Bxe5 22.Re1 Bd6
23.c4 Bd7 24.cxd5 Rf8 25.h3 Bxg3 26.fxg3 Qb6+ 27.Kh2 h6 28.Rf1 Rxf1 29.Bxf1 Qd6
30.Qe4 g6 31.Qf4 Qxf4 32.gxf4 Kf7 33.Bd3 Kf6 34.Kg3 c6 35.dxc6 Bxc6 36.Kf2 Bd5
37.b3 Bc6 38.g3 Bd7 39.h4 h5 40.Ke3 Be8 41.Kd4 Ke6 42.b4 b6 43.a4 Bxa4 44.Bxg6 Bd1
45.Kc4 a5 46.bxa5 bxa5 47.Kb5 a4 48.Kb4 Kf6 49.Be8 Kf5 50.Bd7+ Ke4 51.Bxa4 Bg4
52.Kc5 Kf3 53.f5 Bxf5 54.Bd1+ Kxg3 55.Bxh5  1/2-1/2

[Event "10th Sunny Beach Open"]
[Site "Sunny Beach BUL"]
[Date "2011.08.29"]
[Round "3.19"]
[White "Quillan,G"]
[Black "Michna,C"]
[Result "1-0"]
[WhiteElo "2398"]
[BlackElo "2222"]

1.e4 e6 2.d4 d5 3.Nd2 Be7 4.e5 b6 5.Qg4 g6 6.Ndf3 h5 7.Qg3 Nh6 8.Bxh6 Rxh6
9.Nh3 h4 10.Qf4 Rh5 11.g4 hxg3 12.hxg3 Qd7 13.O-O-O Ba6 14.g4 Rh8 15.Nhg5 Rf8
16.Nh7 Rg8 17.Nfg5 Bxg5 18.Qxg5 Qe7 19.Nf6+ Kd8 20.f4 Rf8 21.f5 gxf5 22.gxf5 Bxf1
23.Rdxf1 Kc8 24.Qg7 Nc6 25.Nh7 Re8 26.fxe6 fxe6 27.Rf7 Qd8 28.Nf6 Re7 29.Rh7 Rxf7
30.Qxf7 Kb7 31.c3 Qc8 32.Rg7 Nd8 33.Qh5 Nc6 34.Qh7 Qd8 35.Rd7 Qc8 36.Qf7 Nb8
37.Re7 Nc6 38.Re8 Nd8 39.Qg7 Ka6 40.Re7 c5 41.Rc7 Qb8 42.Qd7 Nb7 43.Rxb7  1-0

[Event "Richard Reti Mem"]
[Site "Trnava SVK"]
[Date "2011.08.30"]
[Round "3.4"]
[White "Vyskocil,N"]
[Black "Hausner,I"]
[Result "1/2-1/2"]
[WhiteElo "2297"]
[BlackElo "2419"]

1.e4 e6 2.d4 d5 3.Nd2 Be7 4.Ngf3 Nf6 5.Bd3 c5 6.exd5 Qxd5 7.dxc5 Nbd7 8.O-O Nxc5
9.Bb5+ Bd7 10.Bxd7+ Ncxd7 11.b3 O-O 12.Bb2 Rfd8 13.Qe2 Nf8  1/2-1/2

[Event "18th Graz Open"]
[Site "Graz AUT"]
[Date "2011.08.31"]
[Round "5"]
[White "Hrenic,M"]
[Black "Toefferl,H"]
[Result "1-0"]
[WhiteElo "2044"]
[BlackElo "2102"]

1.e4 e6 2.d4 d5 3.Nd2 Nc6 4.Ngf3 Nf6 5.e5 Nd7 6.Be2 f6 7.exf6 Qxf6 8.Nf1 Bd6
9.Ne3 O-O 10.O-O Ne7 11.Bd3 Bf4 12.Ng4 Qf7 13.Qe2 c5 14.c3 cxd4 15.cxd4 Nc6
16.Bb5 h5 17.Ne3 Nf6 18.Nc2 Ne4 19.Bxf4 Qxf4 20.Bxc6 bxc6 21.Ne5 Qf6 22.f3 Ng5
23.Nxc6 a5 24.b4 axb4 25.N6xb4 h4 26.h3 Bd7 27.Qe5 Qg6 28.Kh1 Rac8 29.a4 Nf7
30.Qe2 Nh6 31.Ne3 Ra8 32.Na6 Qg3 33.Nc5 Qd6 34.Qf2 g5 35.Qc2 Kg7 36.Rfb1 Be8
37.Rb7+ Rf7 38.Rab1 Rxb7 39.Rxb7+ Bf7 40.Qc1 Kg6 41.Qc2+ Kg7 42.Qd2 e5 43.Nc2 Kg6
44.a5 Kh7 45.a6 exd4 46.Qxd4 Kg8 47.Ne3 Qg3 48.a7 Qe1+ 49.Kh2 Qg3+ 50.Kg1 Qd6
51.Nd7 Qc6 52.Rb8+ Kh7 53.Nf8+ Kg8 54.Ne6+  1-0

[Event "18th Graz Open"]
[Site "Graz AUT"]
[Date "2011.09.01"]
[Round "6"]
[White "Pfaffel,T"]
[Black "Staufenberger,B"]
[Result "1/2-1/2"]
[WhiteElo "2199"]
[BlackElo "2067"]

1.e4 e6 2.d4 d5 3.Nd2 Be7 4.Bd3 c5 5.dxc5 Na6 6.exd5 Qxd5 7.Be4 Qxc5 8.Ne2 Nf6
9.Bf3 Nb4 10.Nc3 Qe5+ 11.Kf1 O-O 12.a3 Nbd5 13.Nxd5 exd5 14.Nb3 Bd7 15.Nd4 Rad8
16.h3 Ne4 17.g3 g5 18.Kg2 f5 19.Re1 h5  1/2-1/2

[Event "10th Izmir Open"]
[Site "Izmir TUR"]
[Date "2011.09.01"]
[Round "1"]
[White "Quparadze,G"]
[Black "Ipeker,Melda"]
[Result "1-0"]
[WhiteElo "2462"]
[BlackElo "1476"]

1.e4 e6 2.d4 d5 3.Nd2 Be7 4.Bd3 c5 5.dxc5 Bxc5 6.Ngf3 Nf6 7.exd5 exd5 8.O-O O-O
9.Nb3 Bb6 10.Re1 Nc6 11.Be3 Bc7 12.c3 a6 13.Bg5 Bb6 14.Bc2 Ba7 15.Bxf6 gxf6
16.Nbd4 Bxd4 17.Nxd4 Ne7 18.h4 Ng6 19.h5 Ne5 20.Qd2 Re8 21.Qh6  1-0

[Event "TCh-ESP CECLUB Div 1 GpB"]
[Site "Sabadell ESP"]
[Date "2011.09.01"]
[Round "4"]
[White "Alonso Moyano,J"]
[Black "Jerez Perez,A"]
[Result "1-0"]
[WhiteElo "2426"]
[BlackElo "2416"]

1.e4 e6 2.d4 d5 3.Nd2 Nc6 4.Ngf3 Nf6 5.e5 Nd7 6.Nb3 a5 7.Bd2 a4 8.Nc1 Be7
9.Nd3 b6 10.h4 Ba6 11.h5 h6 12.Rh3 Qc8 13.Rg3 Bf8 14.c3 Bb5 15.Nh4 Qa6 16.f4 Be7
17.Qg4 O-O-O 18.Rf3 Rde8 19.Qh3 Kb8 20.g4 Nf8 21.Kf2 Nh7 22.Kg1 Bc4 23.Be1 Rhg8
24.Nc1 Bxf1 25.Qxf1 Qxf1+ 26.Kxf1 Kb7 27.Nd3 Na5 28.Ke2 c5 29.Rf1 Ra8 30.Nf3 Kc6
31.Bd2 Nc4 32.Rg1 f6 33.Raf1 Kd7 34.Bc1 cxd4 35.cxd4 Rac8 36.Kd1 Rcf8 37.Rf2 Kc7
38.f5 fxe5 39.Nfxe5 Bd6 40.Nf4 Ng5 41.Nxc4 dxc4 42.fxe6 Kb7 43.Re1 Rf6 44.Ree2 Rgf8
45.e7 Re8 46.Ng6 Nh7 47.Rxf6 Nxf6 48.Re6 Kc7 49.Bxh6 Kd7 50.Nf8+ Kc7 51.Bxg7 Nxg4
52.h6 Nxh6 53.Bxh6 Rxe7 54.Bf4  1-0

[Event "TCh-SRB Premier Women"]
[Site "Valjevo SRB"]
[Date "2011.09.03"]
[Round "8.2"]
[White "Eric,J"]
[Black "Pihajlic,A"]
[Result "1-0"]
[WhiteElo "2282"]
[BlackElo "1972"]

1.e4 e6 2.d4 d5 3.Nd2 Nc6 4.Ngf3 Nf6 5.e5 Nd7 6.Nb3 f6 7.Bb5 Be7 8.c3 O-O
9.Bxc6 bxc6 10.Na5 Nb8 11.O-O Ba6 12.Re1 f5 13.b4 Bc8 14.Nd2 Qe8 15.f4 Bd7
16.Nf3 Na6 17.Qd3 Qc8 18.a4 Nb8 19.Ba3 a6 20.c4 c5 21.dxc5 dxc4 22.Qxc4 Bxa4
23.Nd4 Bb5 24.Qxe6+ Qxe6 25.Nxe6 Rc8 26.Rad1 Nc6 27.Nd4 Nxd4 28.Rxd4 Rd8
29.Red1 Rxd4 30.Rxd4 Rd8 31.Nb3 g6 32.Kf2 Kf7 33.Rxd8 Bxd8 34.Nd4 c6 35.Kf3 Bh4
36.g3 Bd8 37.h3 Bc4 38.g4 Bd5+ 39.Kg3 Be4 40.Bb2 Ke8 41.Ne6 Bd5 42.Nd4 Be4
43.gxf5 gxf5 44.Ne6 Ke7 45.Ng5 a5 46.bxa5 Bxa5 47.Nxe4 fxe4 48.f5 Bd2 49.Bd4 h5
50.e6 Bg5 51.Kf2 Bf4 52.Be3 Bh2 53.Bg5+ Kf8 54.f6 Ke8 55.f7+  1-0

[Event "FSIM September"]
[Site "Budapest HUN"]
[Date "2011.09.04"]
[Round "2"]
[White "Farago,S"]
[Black "Galyas,M"]
[Result "0-1"]
[WhiteElo "2278"]
[BlackElo "2458"]

1.e4 e6 2.d4 d5 3.Nd2 a6 4.Ngf3 Nf6 5.e5 Nfd7 6.Bd3 c5 7.c3 Nc6 8.O-O g5
9.b3 g4 10.Ne1 cxd4 11.cxd4 Nxd4 12.Bb2 Nc6 13.Qxg4 Ndxe5 14.Qg3 f6 15.Be2 Ng6
16.Bh5 Rg8 17.Nd3 Bd6 18.f4 Bd7 19.Qf2 f5 20.Nf3 Qe7 21.Nfe5 O-O-O 22.Rac1 Nxe5
23.Nxe5 Kb8 24.Nxd7+ Rxd7 25.Be2 Rc8 26.Qe3 Ba3 27.Bxa3 Qxa3 28.Bf3 Qd6 29.Rfe1 Re7
30.Rc5 Rcc7 31.a3 d4 32.Qc1 d3 33.Qe3 Nd4 34.Rxc7 Nxf3+ 35.gxf3 Rxc7 36.Kg2 Rc2+
37.Kh3 d2 38.Rd1 Qd5 39.Kg3 Rb2 40.b4 Ka8 41.Qe5 Qxe5 42.fxe5 Kb8 43.Kf4 Kc7
44.Ke3 Kc6 45.Kd4 Ra2 46.Kc4 Rxa3 47.Rxd2 b5+ 48.Kd4 Rxf3 49.Rc2+ Kb6 50.Rc8 Rf4+
51.Kd3 Re4 52.Rh8 Rxe5 53.Rxh7 Re4 54.Re7 Rxb4 55.Rxe6+ Ka5 56.Rh6 Rb1 57.h4 Rh1
58.h5 b4 59.Kc4 Rh4+ 60.Kb3 Kb5 61.Rh8 Rh3+ 62.Kb2 a5 63.h6 Ka4 64.h7 Rh2+
65.Kc1 f4 66.Rf8 Rxh7 67.Rxf4 Rh1+ 68.Kb2 Rh2+ 69.Kb1 Ka3 70.Rf3+ b3 71.Rf1 a4
72.Rg1 Rh4 73.Rf1 Kb4 74.Ka1 a3 75.Rb1 Rc4 76.Rf1 a2  0-1

[Event "FSIM September"]
[Site "Budapest HUN"]
[Date "2011.09.05"]
[Round "3"]
[White "Heredia Serrano,C"]
[Black "Kantor,G"]
[Result "0-1"]
[WhiteElo "2090"]
[BlackElo "2268"]

1.e4 e6 2.d4 d5 3.Nd2 Be7 4.Qg4 Nf6 5.Qxg7 Rg8 6.Qh6 dxe4 7.Qe3 Qd5 8.Ne2 Nc6
9.Nc3 Qxd4 10.Ndxe4 Nxe4 11.Nxe4 Bd7 12.c3 Qxe3+ 13.Bxe3 O-O-O 14.O-O-O f5
15.Ng3 e5 16.f4 Bd6 17.Bc4 Rg6 18.Rhf1 e4 19.Rf2 a6 20.Ne2 b5 21.Bb3 h5 22.g3 h4
23.c4 Nb4 24.Rff1 Nd3+ 25.Kb1 Be7 26.Bd4 Be6 27.cxb5 Bxb3 28.axb3 axb5 29.Bc3 c5
30.gxh4 Bxh4 31.Rg1 Rdg8 32.Rxg6 Rxg6 33.Nc1 Nxc1 34.Rxc1 Kb7 35.Be5 Kb6
36.Rc2 Rg1+ 37.Ka2 Rf1 38.Bd6 Bf2 39.b4 cxb4 40.Bxb4 Be3 41.Kb3 Bxf4 42.Bc5+ Kc6
43.Kb4 Rc1 44.Rf2 Rxc5 45.Rxf4 e3 46.Rf1 Rc4+ 47.Kb3 f4 48.Re1 Kd5 49.h4 Ke4
50.h5 f3 51.h6 f2 52.Rh1 e2 53.h7 Rc8  0-1